Statistics for Top 10 economies in Africa 1950,1990,2022,2050,2100

Click here to take the quiz!

General Stats

  • This quiz has been taken 73 times
    (27 since last reset)
  • The average score is 46 of 50

Answer Stats

Answer% Correct
Egypt
100%
Egypt
100%
Egypt
100%
Egypt
100%
Egypt
100%
Morocco
100%
Morocco
100%
Morocco
100%
South Africa
100%
South Africa
100%
South Africa
100%
South Africa
100%
South Africa
100%
Algeria
96%
Algeria
96%
Algeria
96%
Algeria
96%
Algeria
96%
Ethiopia
96%
Ethiopia
96%
Ethiopia
96%
Ethiopia
96%
Ethiopia
96%
Libya
96%
Libya
96%
Nigeria
96%
Nigeria
96%
Nigeria
96%
Nigeria
96%
Nigeria
96%
Tanzania
96%
Tanzania
96%
Tanzania
96%
Tanzania
96%
Kenya
92%
Kenya
92%
Kenya
92%
Kenya
92%
Ghana
83%
Ghana
83%
Ghana
83%
Ghana
83%
Tunisia
83%
Angola
79%
Angola
79%
Angola
79%
Angola
79%
Botswana
79%
Ivory Coast
79%
Sudan
67%

Score Distribution

Percentile by Number Answered

Percent of People with Each Score

Your Score History

You have not taken this quiz since the last reset